La hiperinflación tan temida (Registro nro. 18072)
[ vista simple ]
| 000 -LEADER | |
|---|---|
| fixed length control field | 00351 a2200121 4500 |
| 001 - CONTROL NUMBER | |
| control field | ART_12843 |
| 005 - DATE AND TIME OF LATEST TRANSACTION | |
| control field | 20260410161733.0 |
| 008 - FIXED-LENGTH DATA ELEMENTS--GENERAL INFORMATION | |
| fixed length control field | 260409a |
| 100 1# - MAIN ENTRY--PERSONAL NAME | |
| Personal name | Gauto, Martín E. |
| 245 10 - TITLE STATEMENT | |
| Title | La hiperinflación tan temida |
| 700 1# - ADDED ENTRY--PERSONAL NAME | |
| Personal name | Rossi, Rodolfo C. |
| 773 0# - HOST ITEM ENTRY | |
| Title | Ejecutivos de finanzas |
| Related parts | - Año 7, Nº 57 (jul. 1989) |
| Record control number | REV2863 |
No hay ítems disponibles.